[Event "USA-ch"]
[Site "Seattle"]
[Date "2002.01.09"]
[Round "5"]
[White "Sagalchik, Olga"]
[Black "Airapetian, SH."]
[Result "1-0"]
[WhiteElo "2130"]
[BlackElo "2068"]
[PlyCount "139"]
[EventDate "2002.01.05"]
[EventType "swiss"]
[EventRounds "9"]
[EventCountry "USA"]
[SourceTitle "CBM 087"]
[Source "ChessBase"]
[SourceDate "2002.03.21"]
[SourceVersion "1"]
[SourceVersionDate "2002.03.21"]
[SourceQuality "1"]

1. d4 d5 2. c4 e6 3. Nc3 Be7 4. Nf3 Nf6 5. cxd5 exd5 6. Bg5 Nbd7 7. e3 0-0 8. Bd3 c6 9. 0-0 h6 10. Bh4 Re8 11. h3 Ne4 12. Bxe7 Qxe7 13. Rc1 Nxc3 14. Rxc3 Nf6 15. Ne5 Ne4 16. Bxe4 dxe4 17. Qb1 a5 18. Rc5 f6 19. Nc4 Qd8 20. Nd2 Qe7 21. Qc2 Kh8 22. Nc4 Qd8 23. Nd2 Qe7 24. b3 Ra6 25. Nc4 b5 26. Nd2 Bd7 27. a4 f5 28. Re5 Qd6 29. Rxe8+ Bxe8 30. Rc1 Ra8 31. Qc5 Qxc5 32. Rxc5 g6 33. Kf1 Kg7 34. h4 Kf6 35. Ke2 Rd8 36. Re5 g5 37. hxg5+ hxg5 38. g4 fxg4 39. Nxe4+ Kg6 40. Rxg5+ Kh6 41. Rg8 bxa4 42. bxa4 Rb8 43. Nc5 Rb2+ 44. Kf1 Bg6 45. Kg2 Kh5 46. Kg3 Ra2 47. Ra8 Bf7 48. Rxa5 Bd5 49. Ne4 Kg6 50. Nc3 Ra1 51. Nxd5 cxd5 52. Kxg4 Ra2 53. f3 Ra3 54. Kf4 Kf6 55. Rxd5 Rxa4 56. Rd6+ Ke7 57. Rb6 Rc4 58. Ke5 Rc3 59. Rb7+ Ke8 60. Ke4 Kd8 61. f4 Ra3 62. f5 Kc8 63. Rh7 Kd8 64. f6 Ke8 65. d5 Ra1 66. Ke5 Re1 67. e4 Kf8 68. d6 Rd1 69. d7 Kg8 70. Re7 1-0

[Event "USA-ch (Women)"]
[Site "Seattle"]
[Date "2000.09.28"]
[Round "4"]
[White "Airapetian, SH."]
[Black "Gorlin, Yelena"]
[Result "1-0"]
[WhiteElo "2072"]
[BlackElo "2110"]
[PlyCount "53"]
[EventDate "2000.09.25"]
[EventType "tourn"]
[EventRounds "9"]
[EventCountry "USA"]
[SourceTitle "CBM 078 Extra"]
[Source "ChessBase"]
[SourceDate "2000.11.10"]
[SourceVersion "1"]
[SourceVersionDate "2000.11.10"]
[SourceQuality "1"]

1. e4 e6 2. d4 d5 3. Nc3 Bb4 4. e5 c5 5. a3 Bxc3+ 6. bxc3 Qc7 7. Qg4 f5 8. Qg3 cxd4 9. cxd4 Ne7 10. Be2 0-0 11. Nh3 Nbc6 12. c3 Na5 13. Bg5 Nec6 14. 0-0 Nc4 15. Nf4 Nd2 16. Nh5 Nxf1 17. Rxf1 Kh8 18. Qh4 b6 19. Rd1 Nxe5 20. Qg3 Rf7 21. Bf4 Qe7 22. Bxe5 Bd7 23. Nf4 Ba4 24. Ra1 Bd7 25. Bh5 Rff8 26. Ng6+ hxg6 27. Bxg6 1-0

[Event "USA-ch (Women)"]
[Site "Seattle"]
[Date "2000.09.25"]
[Round "1"]
[White "Airapetian, SH."]
[Black "Sagalchik, Olga"]
[Result "1-0"]
[WhiteElo "2072"]
[BlackElo "2145"]
[PlyCount "123"]
[EventDate "2000.09.25"]
[EventType "tourn"]
[EventRounds "9"]
[EventCountry "USA"]
[SourceTitle "CBM 078 Extra"]
[Source "ChessBase"]
[SourceDate "2000.11.10"]
[SourceVersion "1"]
[SourceVersionDate "2000.11.10"]
[SourceQuality "1"]

1. e4 d6 2. Nf3 c5 3. c4 e5 4. g3 Nc6 5. Bg2 Bg4 6. h3 Bxf3 7. Bxf3 Nd4 8. Bg2 Ne7 9. 0-0 g6 10. Nc3 Bg7 11. Rb1 a5 12. d3 0-0 13. Be3 Nec6 14. Ne2 Rb8 15. f4 Bh6 16. Nxd4 cxd4 17. Bd2 b5 18. f5 Bxd2 19. Qxd2 f6 20. cxb5 Rxb5 21. Rbc1 Qe8 22. fxg6 hxg6 23. Qh6 Rb7 24. h4 Nb4 25. Rf3 Rh7 26. Qd2 Qb5 27. Bh3 Re7 28. Qh6 Qe8 29. a3 Rh7 30. Qd2 Na6 31. Rc8 Qe7 32. Rxf8+ Kxf8 33. Qxa5 Nc5 34. Qa8+ Kg7 35. b4 Rh8 36. Qc6 Nb7 37. Bc8 Nd8 38. Qc4 Qa7 39. Rf2 Qxa3 40. Ra2 Qc3 41. Ra7+ Kh6 42. Qxc3 dxc3 43. Rc7 Rh7 44. Rxc3 Ra7 45. Rb3 Rc7 46. Ba6 Rc1+ 47. Kf2 Ne6 48. Rb2 g5 49. hxg5+ Kxg5 50. Bc4 Nd4 51. b5 Rh1 52. Kg2 Rh8 53. b6 f5 54. b7 Rb8 55. Bd5 f4 56. gxf4+ exf4 57. Ra2 f3+ 58. Kg3 f2 59. Kxf2 Rf8+ 60. Kg2 Kg4 61. Ra8 Rf3 62. Rg8+ 1-0

[Event "Tbilisi zt (Women)"]
[Site "Tbilisi"]
[Date "1993.??.??"]
[Round "7"]
[White "Airapetian, SH."]
[Black "Kachiani Gersinska, Ketino"]
[Result "0-1"]
[WhiteElo "2065"]
[BlackElo "2420"]
[PlyCount "80"]
[EventDate "1993.??.??"]
[EventType "tourn"]
[EventRounds "9"]
[EventCountry "GEO"]
[SourceTitle "EXT 1997"]
[Source "ChessBase"]
[SourceDate "1996.11.15"]
[SourceVersion "1"]
[SourceVersionDate "1996.11.15"]
[SourceQuality "1"]

1. e4 e5 2. Nf3 Nc6 3. Bb5 a6 4. Ba4 Nf6 5. 0-0 Be7 6. Re1 b5 7. Bb3 d6 8. c3 0-0 9. h3 Bb7 10. d4 Re8 11. Nbd2 Bf8 12. a4 h6 13. d5 Na5 14. Bc2 c6 15. b4 Nc4 16. Nxc4 bxc4 17. dxc6 Bxc6 18. Rb1 Bb7 19. b5 axb5 20. axb5 g6 21. Bd2 Bg7 22. Qc1 Kh7 23. Rb4 Qc8 24. b6 Ra6 25. Ba4 Re7 26. Bb5 Rxb6 27. Be3 Rxb5 28. Rxb5 Nxe4 29. Qb2 f5 30. Rb1 Bc6 31. Rb6 f4 32. Bc1 Nc5 33. Qd2 Nd3 34. Ba3 Bxf3 35. Bxd6 Rf7 36. Qa2 Bxg2 37. Kxg2 f3+ 38. Kh2 Nf4 39. Rh1 Qxh3+ 40. Kg1 Qg2# 0-1

[Event "Tbilisi zt (Women)"]
[Site "Tbilisi"]
[Date "1993.??.??"]
[Round "9"]
[White "Airapetian, SH."]
[Black "Khurtsidze, Nino"]
[Result "0-1"]
[WhiteElo "2065"]
[BlackElo "2275"]
[PlyCount "80"]
[EventDate "1993.??.??"]
[EventType "tourn"]
[EventRounds "9"]
[EventCountry "GEO"]
[SourceTitle "EXT 1997"]
[Source "ChessBase"]
[SourceDate "1996.11.15"]
[SourceVersion "1"]
[SourceVersionDate "1996.11.15"]
[SourceQuality "1"]

1. e4 e5 2. Nf3 d6 3. d4 exd4 4. Nxd4 g6 5. Bc4 Bg7 6. 0-0 Nf6 7. Nc3 0-0 8. Bg5 c6 9. Qd3 Nbd7 10. f4 b5 11. Bb3 Qb6 12. Kh1 Nc5 13. Qe2 b4 14. e5 Ng4 15. Nd1 dxe5 16. fxe5 Nxb3 17. Nxb3 Ba6 18. Qxg4 Bxf1 19. Ne3 Ba6 20. Qg3 Bc8 21. Re1 Qc7 22. Nc4 f6 23. exf6 Qxg3 24. hxg3 Bxf6 25. Bd2 Ba6 26. Nca5 Bxb2 27. Nxc6 Bc3 28. Nxb4 Bxd2 29. Nxd2 Bb7 30. Nd3 Rac8 31. c4 Ba6 32. Ne5 Rfe8 33. Kg1 Bxc4 34. a3 Rc5 35. Ndf3 Bd5 36. Kf2 Bxf3 37. Nxf3 Rc2+ 38. Kf1 Rxe1+ 39. Nxe1 Ra2 40. Nd3 Rxa3 0-1

[Event "Tbilisi zt (Women)"]
[Site "Tbilisi"]
[Date "1993.??.??"]
[Round "1"]
[White "Khurtsilava, Inga"]
[Black "Airapetian, SH."]
[Result "1-0"]
[WhiteElo "2120"]
[BlackElo "2065"]
[PlyCount "68"]
[EventDate "1993.??.??"]
[EventType "tourn"]
[EventRounds "9"]
[EventCountry "GEO"]
[SourceTitle "EXT 1997"]
[Source "ChessBase"]
[SourceDate "1996.11.15"]
[SourceVersion "1"]
[SourceVersionDate "1996.11.15"]
[SourceQuality "1"]

1. c4 e5 2. Nf3 Nf6 3. g3 d5 4. cxd5 Nxd5 5. Bg2 Nb6 6. Nc3 Nc6 7. 0-0 Be7 8. a3 a5 9. b3 0-0 10. Bb2 Be6 11. d3 Qd7 12. Re1 f6 13. Rc1 Nd4 14. Nxd4 exd4 15. Ne4 Rfd8 16. Nc5 Bxc5 17. Rxc5 c6 18. Qd2 Bxb3 19. Rxa5 Qd6 20. Rxa8 Rxa8 21. Qb4 Qxb4 22. axb4 Rd8 23. Rb1 Ba4 24. Ra1 Bb5 25. Ra7 Na4 26. Bc1 Nc3 27. Kf1 Rd7 28. Bf3 Kf7 29. Ra8 Kg6 30. h4 Nd5 31. Rf8 h6 32. Be4+ Kh5 33. Bxh6 g5 34. Rh8 Kg4 1-0

[Event "Tbilisi zt (Women)"]
[Site "Tbilisi"]
[Date "1993.??.??"]
[Round "4"]
[White "Lomineishvili, Maia"]
[Black "Airapetian, SH."]
[Result "0-1"]
[WhiteElo "2080"]
[BlackElo "2065"]
[PlyCount "62"]
[EventDate "1993.??.??"]
[EventType "tourn"]
[EventRounds "9"]
[EventCountry "GEO"]
[SourceTitle "EXT 1997"]
[Source "ChessBase"]
[SourceDate "1996.11.15"]
[SourceVersion "1"]
[SourceVersionDate "1996.11.15"]
[SourceQuality "1"]

1. e4 e5 2. Nf3 Nc6 3. Bb5 f5 4. Nc3 fxe4 5. Nxe4 d5 6. Nxe5 dxe4 7. Nxc6 Qg5 8. Ne5+ c6 9. d4 Qxg2 10. Bf1 Qxh1 11. Qh5+ g6 12. Nxg6 hxg6 13. Qxh8 Be6 14. Qe5 Kf7 15. Bg5 Be7 16. Bxe7 Nxe7 17. Qf4+ Ke8 18. 0-0-0 Qf3 19. Qe5 Qf5 20. Qh8+ Ng8 21. Qg7 Rd8 22. Qxb7 Ne7 23. d5 Qxf2 24. Bc4 Qe3+ 25. Kb1 Qb6 26. Qxb6 axb6 27. a4 cxd5 28. Bb5+ Bd7 29. Bxd7+ Rxd7 30. c3 Nf5 31. Re1 Kf7 0-1